Una casa en el Barrio del Carmen /
Salvato in:
| Autore principale: | |
|---|---|
| Natura: | Sconosciuto |
| Lingua: | Spanish |
| Pubblicazione: |
San José, Costa Rica :
Costa Rica,
1976.
|
| Edizione: | 2. edición |
| Soggetti: | |
| Tags: |
Aggiungi Tag
Nessun Tag, puoi essere il primo ad aggiungerne!!
|
MARC
| LEADER | 000000000a22000000004500 | ||
|---|---|---|---|
| 001 | 008099 | ||
| 041 | 0 | |a spa | |
| 082 | 0 | 4 | |a CR863.4 |b C235c2 |
| 100 | 1 | |a Cañas Escalante, Alberto F., |d 1917- | |
| 245 | 1 | 4 | |a Una casa en el Barrio del Carmen / |c Alberto F. Cañas Escalante. |
| 250 | |a 2. edición | ||
| 260 | 1 | |a San José, Costa Rica : |b Costa Rica, |c 1976. | |
| 300 | |a 129 páginas | ||
| 500 | |a Premio Aquileo Echeverría de cuento, 1965. | ||
| 650 | 4 | |a LITERATURA COSTARRICENSE | |
| 650 | 4 | |a NOVELA | |
| 999 | |c 13711 |d 13711 | ||
| 942 | |c BK |h CR863.4 C235c2 |2 z | ||
